Deutsche Fußballvereine mit Grün im Wappen - Statistiken

Allgemein
  • Dieses Quiz wurde 202 mal gespielt
  • Das Durchschnittsergebnis liegt bei 4 aus 6
Antwortstatistiken
Liga Verein % Korrekt
Bundesliga Werder Bremen
98%
2. Bundesliga Greuther Fürth
91%
Bundesliga VfL Wolfsburg
90%
Bundesliga FC Augsburg
68%
2. Bundesliga Hannover 96
61%
3. Liga 1. FC Schweinfurt 05
31%
Keine übereinstimmenden Quizze gefunden
Verteilung der Resultate
Anzahl Personen mit jedem Resultat
Perzentil nach korrekt beantworteten Fragen
Ihre Resultats-Entwicklung
Sie haben dieses Quiz noch nicht gespielt